000 00563nam a2200169Ia 4500
003 GCL
008 140319s9999 xx 000 0 ara d
040 _aGCL /
_cGCL
082 0 4 _aم
_b903
_bد ت
100 1 _aمجموعة من الباحثين
245 1 0 _aتاريخنا من عصور ما قبل التاريخ حتى القرن السابع قبل الميلاد /
_cمجموعة من الباحثين
700 1 _aدار التراث
300 _a6 جزء
490 _aماذا اعرف
_v0
650 0 4 _aدوائر المعارف
942 _2ddc
_cREF
999 _c59611
_d59611